01257nam a2200301 i 4500003000900000005001700009007000300026008004100029040003000070041000800100082001800108100003400126245017700160250005400337264005300391300004500444336002700489337003300516338002800549590002700577700005600604700004600660700006000706910001400766942001400780952014400794999001700938DO-SdBNP20250716111955.0ta250716s199u dr a 000 0 spa d aDO-SdBNPbspacBNPHUerda aspa 4axxxbL7832221 aLiu, C.C.eautor9160204aut.10aMasaje en función de la patología :b(los pies punto clave de la salud) /cC.C. Liu ; corrección, Leonardo A. Jovine Brea, Thimo Pimentel, Manuel F. Guzmán Landolfi aSegunda edición, revisada, corregida y ampliada 1aSanto Domingo :bPublicación Almonte,c[199-]. a89, páginas :bilustraciones ;c21 cm. atextobtxt2rdacontent asin mediaciónbn2rdamedia avolumenbnc2rdacarrier aInventariado, 2025/ YL1 aJovine Brea, Leonardo A. ecorrección4co.9253181 aPimentel, Thimo ecorrección4co.964771 aGuzmán Landolfi, Manuel F. ecorrección4co.988371 aYLockward 2ddccLBS1 00102ddc51708PDaBNPHUbBNPHUcCTd2021-03-24eDonado por Julián Amarol0oBNPHU PD xxx L783p2025-6620r2025-07-16w2025-07-16yLBS1 c59557d59557